[Event "PILSEN OPEN 2018 - FIDE open"]
[Site "Plzen"]
[Date "2018.11.21"]
[Round "4"]
[White "Lakshyesh, Mohan Gupta"]
[Black "Molnar, Ladislav"]
[Result "1-0"]
[WhiteElo "1060"]
[BlackElo "1779"]
[PlyCount "57"]
[EventDate "2018.11.18"]

1. e4 e6 2. d4 c5 3. c3 d5 4. e5 Nc6 5. Nf3 h6 6. Bd3 cxd4 7. cxd4 Bd7 8. O-O
Qb6 9. Nc3 Nxd4 10. Nxd4 Qxd4 11. Kh1 Qxe5 12. Re1 Qd6 13. Qf3 Nf6 14. Bf4 Qc5
15. Rac1 Qa5 16. Bd2 Bc6 17. Nb5 Qb6 18. Be3 Qd8 19. Bf4 Kd7 20. Qe3 a6 21. Nc7
Rc8 22. Nxe6 Qe7 23. Bf5 fxe6 24. Bxe6+ Kd8 25. Qb6+ Rc7 26. Rxc6 Ne8 27. Qxb7
Nd6 28. Qb8+ Nc8 29. Qxc8+ 1-0

[Event "PILSEN OPEN 2018 - FIDE open"]
[Site "Plzen"]
[Date "2018.11.21"]
[Round "4"]
[White "Rezny, Frantisek"]
[Black "Bjornas Jr, Vidar"]
[Result "0-1"]
[WhiteElo "1526"]
[BlackElo "1228"]
[PlyCount "72"]
[EventDate "2018.11.18"]

1. e4 e5 2. f4 f6 3. Nf3 Nc6 4. Bc4 Nge7 5. fxe5 fxe5 6. Nxe5 Nxe5 7. Qh5+ N7g6
8. Bb3 Qh4+ 9. Qxh4 Nxh4 10. O-O Bc5+ 11. Kh1 Rf8 12. Rxf8+ Kxf8 13. d3 b6 14.
Bf4 Nhg6 15. Bg3 Bd6 16. Nc3 Nf7 17. Bxd6+ Nxd6 18. Rf1+ Ke8 19. Nd5 Kd8 20. c3
c6 21. Ne3 Kc7 22. Bc2 Ba6 23. Re1 Rf8 24. Kg1 c5 25. d4 cxd4 26. cxd4 Nc4 27.
Nd5+ Kb7 28. b3 Na5 29. e5 Re8 30. Be4 Kb8 31. Rc1 Nc6 32. b4 Nxd4 33. Kh1 Rxe5
34. Nc3 Ne2 35. Nxe2 Rxe4 36. Ng3 Rxb4 0-1

[Event "PILSEN OPEN 2018 - FIDE open"]
[Site "Plzen"]
[Date "2018.11.22"]
[Round "5"]
[White "Jurek, Josef"]
[Black "Dambrauskas, Virginijus"]
[Result "1/2-1/2"]
[WhiteElo "2248"]
[BlackElo "2298"]
[PlyCount "62"]
[EventDate "2018.11.18"]

1. Nf3 d5 2. c4 c6 3. d4 Nf6 4. Qc2 dxc4 5. Qxc4 e6 6. g3 b5 7. Qb3 Bb7 8. Bg2
a6 9. O-O c5 10. Rd1 Nbd7 11. Bg5 Qb6 12. Nc3 cxd4 13. Nxd4 Bxg2 14. Kxg2 Bc5
15. Bxf6 Nxf6 16. e3 O-O 17. Nf3 Rfd8 18. Rxd8+ Rxd8 19. Rd1 h6 20. Rxd8+ Qxd8
21. Qc2 Bb6 22. Ne4 Nxe4 23. Qxe4 Qd5 24. Qxd5 exd5 25. Kf1 Kf8 26. Ke2 Ke7 27.
Kd3 Kd6 28. Nd4 g6 29. g4 Bd8 30. f4 Bf6 31. b4 Bd8 1/2-1/2

[Event "PILSEN OPEN 2018 - FIDE open"]
[Site "Plzen"]
[Date "2018.11.22"]
[Round "5"]
[White "Lys, Josef"]
[Black "Chudinovskikh, Alexander M"]
[Result "1-0"]
[WhiteElo "2063"]
[BlackElo "2207"]
[PlyCount "78"]
[EventDate "2018.11.18"]

1. d4 Nf6 2. c4 e6 3. Nc3 c5 4. d5 exd5 5. cxd5 d6 6. Nf3 g6 7. Nd2 Nbd7 8. e4
Bg7 9. Be2 O-O 10. O-O Re8 11. f4 c4 12. Qc2 Nc5 13. Bf3 b5 14. Nxb5 Ncxe4 15.
Nxc4 Ba6 16. a4 Rc8 17. Be3 Nxd5 18. Bxa7 Nb4 19. Qb3 d5 20. Ne5 Nc2 21. Rad1
Qe7 22. Bb6 Qb7 23. a5 Bxe5 24. fxe5 Bxb5 25. Qxb5 Rxe5 26. Bxe4 Rxe4 27. Rxd5
Ree8 28. a6 Qe7 29. Qd7 Qxd7 30. Rxd7 Re6 31. Rb7 Nb4 32. a7 Na6 33. Rfxf7 Rxb6
34. Rxb6 Kxf7 35. Rxa6 Ra8 36. Kf2 Ke7 37. Kg3 Kd7 38. Kg4 Kc7 39. Kg5 Kb7 1-0

[Event "PILSEN OPEN 2018 - FIDE open"]
[Site "Plzen"]
[Date "2018.11.22"]
[Round "5"]
[White "Moreno Martin, Daniel"]
[Black "Michalczak, Thomas"]
[Result "1-0"]
[WhiteElo "2190"]
[BlackElo "2163"]
[PlyCount "75"]
[EventDate "2018.11.18"]

1. e4 e5 2. Nf3 Nc6 3. Bb5 f5 4. Nc3 fxe4 5. Nxe4 d5 6. Nxe5 dxe4 7. Nxc6 Qd5
8. c4 Qd6 9. Nxa7+ Bd7 10. Bxd7+ Qxd7 11. Qh5+ g6 12. Qe5+ Kf7 13. Nb5 c6 14.
Qd4 Nf6 15. Qxd7+ Nxd7 16. Nc3 Nc5 17. d4 exd3 18. Be3 Be7 19. O-O-O Rhd8 20.
h4 b5 21. cxb5 cxb5 22. Bxc5 Bxc5 23. Rh3 b4 24. Ne4 Rac8 25. Kb1 Rd4 26. Ng5+
Kg8 27. Ne6 Re4 28. Nxc5 Rxc5 29. Rhxd3 Rxh4 30. Rd4 Rh2 31. Rxb4 Rxg2 32. Rb7
Rc8 33. a4 Rxf2 34. Rdd7 Rh2 35. a5 Rh1+ 36. Ka2 Ra8 37. b4 Rf8 38. Kb3 1-0

[Event "PILSEN OPEN 2018 - FIDE open"]
[Site "Plzen"]
[Date "2018.11.22"]
[Round "5"]
[White "Palek, Miroslav"]
[Black "Barbier, Wim"]
[Result "1/2-1/2"]
[WhiteElo "2166"]
[BlackElo "2077"]
[PlyCount "57"]
[EventDate "2018.11.18"]

1. e4 d6 2. g3 Nf6 3. Bg2 e5 4. Ne2 Be7 5. Nbc3 c6 6. a4 a5 7. d4 Nbd7 8. h3
O-O 9. Be3 Re8 10. O-O Bf8 11. b3 exd4 12. Qxd4 Nc5 13. g4 Qe7 14. Ng3 Rd8 15.
g5 Ne8 16. Rae1 g6 17. f4 Bg7 18. Qd2 f6 19. h4 Bg4 20. Nce2 Nc7 21. Nc3 Rf8
22. Nge2 fxg5 23. hxg5 Bxe2 24. Qxe2 d5 25. e5 Rad8 26. Bd2 N5e6 27. Qd3 Nc5
28. Qe2 N5e6 29. Qd3 1/2-1/2

[Event "PILSEN OPEN 2018 - FIDE open"]
[Site "Plzen"]
[Date "2018.11.22"]
[Round "5"]
[White "Borovicka, Bohumil"]
[Black "Pacl, Vaclav"]
[Result "1/2-1/2"]
[WhiteElo "1916"]
[BlackElo "1998"]
[PlyCount "34"]
[EventDate "2018.11.18"]

1. e4 {[%emt 0:00:00]} d5 2. exd5 Qxd5 3. Nc3 Qa5 4. d4 Nf6 5. Nf3 Bf5 6. Bd2
e6 7. Ne4 Qb6 8. Nxf6+ gxf6 9. Qc1 c5 10. c3 Nc6 11. Be3 cxd4 12. Nxd4 Nxd4 13.
Bxd4 Bc5 14. Bxc5 Qxc5 15. Qe3 Qxe3+ 16. fxe3 O-O-O 17. Rd1 Rxd1+ 1/2-1/2

[Event "PILSEN OPEN 2018 - FIDE open"]
[Site "Plzen"]
[Date "2018.11.22"]
[Round "5"]
[White "Bartonicek, Zdenek"]
[Black "Richters, Marc"]
[Result "0-1"]
[WhiteElo "1951"]
[BlackElo "1927"]
[PlyCount "68"]
[EventDate "2018.11.18"]

1. e4 c5 2. Nf3 d6 3. c3 Nf6 4. Bd3 Nc6 5. h3 e5 6. Bc2 d5 7. exd5 Qxd5 8. d3
Bf5 9. O-O O-O-O 10. d4 e4 11. c4 Qxc4 12. Bb3 Qa6 13. Nfd2 Nxd4 14. Bc4 Qd6
15. Qa4 a6 16. Nc3 g5 17. Bxf7 g4 18. Nc4 Qc7 19. hxg4 Nxg4 20. g3 Qxf7 21. Bf4
Nf3+ 22. Kg2 Rd4 23. Nb6+ Kd8 24. Qa5 Ke8 25. Ncd5 Rxd5 26. Nxd5 Qxd5 27. Rad1
Nd4 28. Be3 Bg7 29. b4 Bd7 30. bxc5 Bb5 31. Rfe1 Qxc5 32. Rb1 Nxe3+ 33. fxe3
Qc2+ 34. Kh3 Bd7+ 0-1

[Event "PILSEN OPEN 2018 - FIDE open"]
[Site "Plzen"]
[Date "2018.11.22"]
[Round "5"]
[White "Hajek, Jiri"]
[Black "Chudek, Lubomir"]
[Result "1-0"]
[WhiteElo "2078"]
[BlackElo "1765"]
[PlyCount "45"]
[EventDate "2018.11.18"]

1. e4 c5 2. Nc3 Nc6 3. f4 e6 4. Nf3 d5 5. Bb5 a6 6. Bxc6+ bxc6 7. O-O Be7 8. d3
Nf6 9. Ne5 Qc7 10. Qe1 g6 11. Qg3 Nh5 12. Qf3 f5 13. exf5 exf5 14. Re1 O-O 15.
Nxc6 Qxc6 16. Nxd5 Kh8 17. Rxe7 Bb7 18. c4 Rab8 19. Bd2 Rfe8 20. Bc3+ Kg8 21.
Rae1 Kf8 22. Qe3 Rbd8 23. Qe5 1-0

[Event "PILSEN OPEN 2018 - FIDE open"]
[Site "Plzen"]
[Date "2018.11.22"]
[Round "5"]
[White "Prachar, Josef"]
[Black "Duzy, Stefan"]
[Result "1/2-1/2"]
[WhiteElo "1831"]
[BlackElo "2024"]
[PlyCount "50"]
[EventDate "2018.11.18"]

1. d4 e6 2. e4 d5 3. exd5 exd5 4. Nf3 Nf6 5. Bd3 Be7 6. O-O O-O 7. h3 c5 8. c3
Nc6 9. Bf4 cxd4 10. Nxd4 Nxd4 11. cxd4 Bd7 12. Nc3 Bc6 13. Re1 Re8 14. Qd2 Rc8
15. a3 Qb6 16. b4 a6 17. Bf5 Rcd8 18. Rad1 g6 19. Be5 Nh5 20. Bg4 Ng7 21. Qf4
Qa7 22. Bc7 Ra8 23. Be5 Rad8 24. Bc7 Ra8 25. Be5 Rad8 1/2-1/2

[Event "PILSEN OPEN 2018 - FIDE open"]
[Site "Plzen"]
[Date "2018.11.22"]
[Round "5"]
[White "Vachal, Josef"]
[Black "Vlk, Miloslav"]
[Result "0-1"]
[WhiteElo "1807"]
[BlackElo "1978"]
[PlyCount "72"]
[EventDate "2018.11.18"]

1. Nf3 d5 2. d4 Nf6 3. g3 Bf5 4. Bg2 e6 5. O-O c5 6. c4 Nc6 7. Nc3 Be7 8. cxd5
Nxd5 9. Nxd5 exd5 10. dxc5 O-O 11. Be3 Be4 12. Rc1 Qa5 13. Qb3 Qa6 14. Rfe1
Rfd8 15. Bf1 d4 16. Bxd4 Rxd4 17. Nxd4 Nxd4 18. Qe3 Qg6 19. Qxd4 Bf6 20. Qb4 a5
21. Qb6 Ra6 22. Qc7 h5 23. e3 Re6 24. b3 h4 25. Bg2 hxg3 26. Qxg3 Qh5 27. Bxe4
Rxe4 28. f3 Re5 29. f4 Bh4 30. Qg2 Re6 31. Qxb7 Rg6+ 32. Kf1 Bxe1 33. Kxe1 Qxh2
34. Qa8+ Kh7 35. Qe4 Kh6 36. Rc2 Rg1# 0-1

[Event "PILSEN OPEN 2018 - FIDE open"]
[Site "Plzen"]
[Date "2018.11.22"]
[Round "5"]
[White "Hager, Eberhard"]
[Black "Giemsa, Alexander"]
[Result "0-1"]
[WhiteElo "1769"]
[BlackElo "1921"]
[PlyCount "64"]
[EventDate "2018.11.18"]

1. e4 e5 2. Nf3 Nc6 3. Bc4 Bc5 4. O-O d6 5. c3 Bg4 6. h3 Bh5 7. d3 Nge7 8. Nbd2
Na5 9. Bb5+ Nac6 10. b4 Bb6 11. Nc4 O-O 12. Bg5 h6 13. Be3 f5 14. Bxb6 axb6 15.
Ncd2 fxe4 16. dxe4 Ra3 17. Qc1 Qa8 18. Bc4+ Bf7 19. Bxf7+ Rxf7 20. Qb2 b5 21.
c4 bxc4 22. Nxc4 Raxf3 23. gxf3 Rxf3 24. Kg2 Nd4 25. a4 Qc8 26. Rh1 Ng6 27. Ra3
Nf4+ 28. Kf1 Nd3 29. Rxd3 Rxd3 30. Qa2 Qe6 31. a5 Rd1+ 32. Kg2 Qg6+ 0-1

[Event "PILSEN OPEN 2018 - FIDE open"]
[Site "Plzen"]
[Date "2018.11.22"]
[Round "5"]
[White "Bechynsky, Jan"]
[Black "Bugaev, Anton"]
[Result "0-1"]
[WhiteElo "1874"]
[BlackElo "1664"]
[PlyCount "72"]
[EventDate "2018.11.18"]

1. e4 c5 2. b3 d6 3. f4 Nf6 4. Bb5+ Bd7 5. Bxd7+ Qxd7 6. d3 g6 7. Bb2 Bg7 8.
Nf3 O-O 9. O-O Nc6 10. c4 a6 11. Nc3 Rab8 12. a4 Ne8 13. Rb1 Nc7 14. Qd2 b5 15.
axb5 axb5 16. Nxb5 Nxb5 17. cxb5 Rxb5 18. Bxg7 Kxg7 19. d4 cxd4 20. Nxd4 Qa7
21. Rbd1 e5 22. fxe5 dxe5 23. Qf2 Nxd4 24. Kh1 Qe7 25. Ra1 Rfb8 26. Ra6 R8b6
27. Ra8 Rxb3 28. h3 Rb2 29. Qg3 Rb1 30. Ra1 Rxa1 31. Rxa1 Rb3 32. Qf2 Qf6 33.
Qa2 Re3 34. Qc4 Re2 35. Rd1 Qf2 36. Rg1 Nf3 0-1

[Event "PILSEN OPEN 2018 - FIDE open"]
[Site "Plzen"]
[Date "2018.11.22"]
[Round "5"]
[White "Von Keyserlingk, Chanda"]
[Black "Baraniuk, Andrej"]
[Result "0-1"]
[WhiteElo "1745"]
[BlackElo "1536"]
[PlyCount "74"]
[EventDate "2018.11.18"]

1. d4 d6 2. c4 e5 3. d5 f5 4. Nc3 Be7 5. g3 Nf6 6. Bg2 O-O 7. e3 a5 8. Nge2 Na6
9. O-O Bd7 10. Bd2 Nc5 11. Nc1 Qe8 12. Qc2 Qg6 13. Nd3 Nce4 14. Ne1 Nxc3 15.
Bxc3 e4 16. Qd2 a4 17. Nc2 Qh6 18. f3 exf3 19. Bxf3 Ng4 20. Rae1 Bg5 21. Bxg4
fxg4 22. Qd3 Rae8 23. e4 Qg6 24. Qe2 Rxf1+ 25. Kxf1 h5 26. e5 dxe5 27. Bb4 h4
28. Ne3 Qe4 29. Qf2 hxg3 30. hxg3 Be7 31. Bxe7 Rxe7 32. Kg1 Rf7 33. Qc2 Qd4 34.
Kg2 Rf3 35. Rh1 e4 36. Nd1 Rd3 37. Qc1 Rd2+ 0-1

[Event "PILSEN OPEN 2018 - FIDE open"]
[Site "Plzen"]
[Date "2018.11.22"]
[Round "5"]
[White "Vandurme, Philippe"]
[Black "Soutner, Jaroslav"]
[Result "1-0"]
[WhiteElo "1478"]
[BlackElo "1734"]
[PlyCount "63"]
[EventDate "2018.11.18"]

1. d4 Nf6 2. Bf4 e6 3. e3 c5 4. c3 cxd4 5. exd4 Be7 6. Nd2 O-O 7. Bd3 d6 8. Qe2
Nc6 9. Ngf3 a6 10. Rd1 b5 11. Ne4 Bb7 12. Nfg5 g6 13. Nxf6+ Bxf6 14. h4 d5 15.
Nf3 Bg7 16. h5 Qd7 17. Qe3 f5 18. hxg6 hxg6 19. Kd2 Kf7 20. Ng5+ Ke7 21. Rde1
Bc8 22. Qg3 Nd8 23. Nh7 b4 24. Nxf8 bxc3+ 25. bxc3 Kxf8 26. Bd6+ Kf7 27. Rh7
Nc6 28. Bc2 Bb7 29. Ba4 Rh8 30. Rxg7+ Kxg7 31. Be5+ Kg8 32. Qxg6+ 1-0

[Event "PILSEN OPEN 2018 - FIDE open"]
[Site "Plzen"]
[Date "2018.11.23"]
[Round "6"]
[White "Jezek, Jan"]
[Black "Jurek, Josef"]
[Result "0-1"]
[WhiteElo "2171"]
[BlackElo "2248"]
[PlyCount "68"]
[EventDate "2018.11.18"]

1. d4 Nf6 2. Bf4 b6 3. e3 Bb7 4. Nf3 g6 5. h3 Bg7 6. Be2 O-O 7. O-O c5 8. c3 d6
9. a4 a6 10. Nbd2 Nbd7 11. Bh2 Qc7 12. Qc2 Rac8 13. Rfe1 Qb8 14. Qb3 Qa8 15.
Rec1 Ne4 16. Nxe4 Bxe4 17. Ne1 Qb7 18. f3 Bc6 19. Bg3 Bh6 20. Bf2 e5 21. Rd1 d5
22. c4 exd4 23. exd4 Rfe8 24. Bf1 Bg7 25. Nc2 cxd4 26. Bxd4 dxc4 27. Bxc4 Ne5
28. Bxe5 Bxe5 29. Nd4 Bxd4+ 30. Rxd4 b5 31. axb5 axb5 32. Bd5 Qb6 33. Rad1 Bxd5
34. Qxd5 Rcd8 0-1

[Event "PILSEN OPEN 2018 - FIDE open"]
[Site "Plzen"]
[Date "2018.11.23"]
[Round "6"]
[White "Lys, Josef"]
[Black "Moreno Martin, Daniel"]
[Result "1-0"]
[WhiteElo "2063"]
[BlackElo "2190"]
[PlyCount "77"]
[EventDate "2018.11.18"]

1. d4 d5 2. c4 c6 3. Nc3 Nf6 4. Nf3 e6 5. e3 Nbd7 6. Be2 dxc4 7. Bxc4 b5 8. Bd3
Bd6 9. e4 e5 10. d5 cxd5 11. Nxb5 Bb8 12. O-O Nc5 13. Nc3 dxe4 14. Bb5+ Bd7 15.
Be3 exf3 16. Bxc5 fxg2 17. Re1 a6 18. Qf3 axb5 19. Qxa8 e4 20. Qb7 Qc7 21. Qxc7
Bxc7 22. Nxe4 Nxe4 23. Rxe4+ Be6 24. Rd1 h5 25. f4 g6 26. a4 h4 27. Kxg2 Rh5
28. b4 bxa4 29. Ra1 Rd5 30. Rxa4 Rd2+ 31. Kf3 Rxh2 32. Rd4 Ra2 33. Rxa2 Bxa2
34. b5 h3 35. b6 Bb8 36. Bd6 h2 37. Kg2 Bxd6 38. Rxd6 Bb1 39. Rd4 1-0

[Event "PILSEN OPEN 2018 - FIDE open"]
[Site "Plzen"]
[Date "2018.11.23"]
[Round "6"]
[White "Barbier, Wim"]
[Black "Eret, Jonas"]
[Result "1-0"]
[WhiteElo "2077"]
[BlackElo "2223"]
[PlyCount "71"]
[EventDate "2018.11.18"]

1. c4 e6 2. g3 d5 3. Bg2 Nf6 4. Nf3 d4 5. e3 c5 6. exd4 cxd4 7. O-O Nc6 8. Re1
Bd6 9. d3 O-O 10. Na3 e5 11. c5 Bb8 12. Nc4 Re8 13. a3 Nd5 14. Ng5 Nf6 15. b4
h6 16. Nf3 e4 17. dxe4 Bg4 18. Qd3 Nd7 19. Bb2 Bxf3 20. Qxf3 a5 21. Qb3 axb4
22. axb4 Rxa1 23. Bxa1 g5 24. Rd1 Qf6 25. b5 Nxc5 26. Qa3 Nxe4 27. Bxe4 Rxe4
28. bxc6 Qe6 29. Qc1 bxc6 30. Nd2 Bf4 31. gxf4 Qg4+ 32. Kh1 Rxf4 33. Rg1 Qe6
34. f3 Rh4 35. Qe1 Qd5 36. Qxh4 1-0

[Event "PILSEN OPEN 2018 - FIDE open"]
[Site "Plzen"]
[Date "2018.11.23"]
[Round "6"]
[White "Richters, Marc"]
[Black "Palek, Miroslav"]
[Result "0-1"]
[WhiteElo "1927"]
[BlackElo "2166"]
[PlyCount "88"]
[EventDate "2018.11.18"]

1. Nf3 c5 2. b3 g6 3. Bb2 Nf6 4. e4 Bg7 5. e5 Nd5 6. h4 h6 7. Nc3 Nxc3 8. Bxc3
Nc6 9. e6 O-O 10. exf7+ Rxf7 11. Bxg7 Kxg7 12. h5 g5 13. Bd3 d6 14. Bg6 Rf6 15.
c4 Rb8 16. Qe2 Bg4 17. Be4 Nd4 18. Qd3 Bxf3 19. gxf3 Qe8 20. O-O-O b5 21. Rdg1
bxc4 22. Qxc4 Rb4 23. Qd3 Qb5 24. Qe3 Ne2+ 25. Kd1 Nxg1 26. Rxg1 e5 27. Rxg5+
Kf8 28. Rg6 Rxg6 29. Bxg6 Kg7 30. Bd3 Qe8 31. Bg6 Qf8 32. Qd3 Rd4 33. Qb5 Qxf3+
34. Kc2 Kf6 35. Qd7 Kg5 36. Qg7 Qf6 37. Qg8 Kh4 38. f3 Qxf3 39. Qd8+ Kg3 40.
Qa5 e4 41. Qa6 c4 42. bxc4 Qd3+ 43. Kb2 Qxd2+ 44. Kb1 Qb4+ 0-1

[Event "PILSEN OPEN 2018 - FIDE open"]
[Site "Plzen"]
[Date "2018.11.23"]
[Round "6"]
[White "Chudinovskikh, Alexander M"]
[Black "Riekenbrauk, Joerg"]
[Result "1-0"]
[WhiteElo "2207"]
[BlackElo "1926"]
[PlyCount "77"]
[EventDate "2018.11.18"]

1. e4 Nf6 2. Nc3 Nc6 3. d4 d5 4. e5 Nd7 5. f4 Nb6 6. Be2 Bf5 7. g4 Be4 8. Nxe4
dxe4 9. c3 e6 10. h4 Be7 11. h5 Qd5 12. Qb3 O-O-O 13. Be3 Qxb3 14. axb3 Nd5 15.
Kf2 f5 16. b4 a6 17. g5 Nxe3 18. Kxe3 Bxb4 19. Bc4 Rhe8 20. g6 h6 21. Nh3 Rd7
22. cxb4 Nxb4 23. Rhc1 Nd5+ 24. Bxd5 Rxd5 25. Rc5 Red8 26. Rac1 Rxc5 27. Rxc5
c6 28. Ng1 Kc7 29. b4 b5 30. Rc2 a5 31. bxa5 Ra8 32. Ra2 c5 33. dxc5 Kc6 34.
Ne2 Kxc5 35. Nd4 Ra6 36. Rc2+ Kb4 37. Rb2+ Kxa5 38. Rxb5+ Ka4 39. Rb1 1-0

[Event "PILSEN OPEN 2018 - FIDE open"]
[Site "Plzen"]
[Date "2018.11.23"]
[Round "6"]
[White "Ochedzan, Tymon"]
[Black "Michalczak, Thomas"]
[Result "1/2-1/2"]
[WhiteElo "1944"]
[BlackElo "2163"]
[PlyCount "82"]
[EventDate "2018.11.18"]

1. e4 c5 2. Nf3 Nc6 3. d4 cxd4 4. Nxd4 g6 5. c4 Bg7 6. Be3 Qb6 7. Nb5 Qa5+ 8.
N1c3 a6 9. Nd4 Nf6 10. f3 d6 11. Qd2 Nxd4 12. Bxd4 O-O 13. Bxf6 Bxf6 14. Nd5
Qxd2+ 15. Kxd2 Be6 16. Nxf6+ exf6 17. Bd3 Rfc8 18. Rhc1 Kf8 19. a3 a5 20. b3 h5
21. Rc3 h4 22. Rac1 b6 23. Ke3 Ke7 24. Kd4 Rc5 25. Rb1 f5 26. exf5 Bxf5 27.
Bxf5 Rxf5 28. b4 Rg5 29. bxa5 Raxa5 30. Rb2 b5 31. cxb5 Raxb5 32. Rxb5 Rxb5 33.
Rc2 Rb3 34. Ra2 h3 35. gxh3 Rxf3 36. a4 Rxh3 37. a5 Rh8 38. Kd5 Kd7 39. a6 Ra8
40. h4 Ra7 41. Ra1 Ra8 1/2-1/2

[Event "PILSEN OPEN 2018 - FIDE open"]
[Site "Plzen"]
[Date "2018.11.23"]
[Round "6"]
[White "Schaefer, Reyk"]
[Black "Borovicka, Bohumil"]
[Result "1/2-1/2"]
[WhiteElo "2136"]
[BlackElo "1916"]
[PlyCount "109"]
[EventDate "2018.11.18"]

1. d4 d5 2. c4 c5 3. cxd5 Qxd5 4. Nf3 cxd4 5. Nc3 Qa5 6. Nxd4 e5 7. Nb3 Qc7 8.
g3 Qc6 9. e4 Bb4 10. Qd5 Bxc3+ 11. bxc3 Nd7 12. Qxc6 bxc6 13. Bg2 Ba6 14. Be3
Ngf6 15. O-O-O O-O 16. Rd6 Bb5 17. Na5 Rfc8 18. c4 Ba4 19. Kb2 c5 20. Kc3 Rab8
21. Ra6 Rc7 22. Nb3 Bxb3 23. axb3 Ng4 24. Rha1 Nxe3 25. fxe3 Rbb7 26. R1a5 Kf8
27. Rb5 Rxb5 28. cxb5 Nb6 29. Bf1 Ke7 30. Bc4 f6 31. Bd5 Kd7 32. Bc6+ Ke7 33.
Ra1 Nc8 34. Ra2 Nb6 35. Ra3 Kd6 36. Ra1 Ke6 37. Ra6 Ke7 38. Kb2 Kd6 39. Ra1 Ke6
40. Kc3 Ke7 41. b4 c4 42. Ra6 Kd6 43. Ra1 Ke7 44. Ra2 Ke6 45. Rd2 Ke7 46. Ra2
Ke6 47. Ra3 Kd6 48. Ra1 Ke6 49. g4 h6 50. h4 g5 51. hxg5 hxg5 52. Rh1 Kd6 53.
Rh6 Ke6 54. Rh8 Ke7 55. Rh7+ 1/2-1/2

[Event "PILSEN OPEN 2018 - FIDE open"]
[Site "Plzen"]
[Date "2018.11.23"]
[Round "6"]
[White "Giemsa, Alexander"]
[Black "Folkova, Martina"]
[Result "1/2-1/2"]
[WhiteElo "1921"]
[BlackElo "2014"]
[PlyCount "150"]
[EventDate "2018.11.18"]

1. e4 e5 2. Nf3 Nc6 3. d4 exd4 4. Nxd4 Bc5 5. Be3 Qf6 6. c3 Nge7 7. Qd2 a6 8.
Bc4 Qg6 9. f3 Ne5 10. Bb3 d6 11. O-O O-O 12. f4 Ng4 13. f5 Qh6 14. h3 Nxe3 15.
Qxe3 Nc6 16. Kh2 Bd7 17. Nd2 Ne5 18. Bd1 Qh4 19. g3 Qf6 20. g4 h6 21. Kg3 g5
22. fxg6 Qxg6 23. Rf2 Rae8 24. Bc2 Kh8 25. Raf1 f6 26. Rf4 Qg5 27. Qf2 Kg7 28.
h4 Qg6 29. h5 Qg5 30. N2f3 Nxg4 31. Nxg5 Nxf2 32. R4xf2 fxg5 33. Nf5+ Bxf5 34.
Rxf5 Rxf5 35. exf5 Re3+ 36. Rf3 Rxf3+ 37. Kxf3 Kf6 38. Ke4 c6 39. c4 Bf2 40. a4
a5 41. b3 Be1 42. Bd1 Bc3 43. Bg4 Bb4 44. Bh3 Bc3 45. Bg4 Ke7 46. Kd3 Bf6 47.
Ke4 Kd7 48. Be2 Kc7 49. Bf1 Kb6 50. Bd3 Kc5 51. Bc2 d5+ 52. cxd5 cxd5+ 53. Kd3
g4 54. Bd1 g3 55. Bf3 Kd6 56. Bg2 Ke5 57. Bh1 b6 58. Ke3 Kxf5 59. Bxd5 Kg4 60.
Be6+ Kxh5 61. Kf3 Be5 62. Bh3 Kg5 63. Bc8 h5 64. Bh3 Bd6 65. Bd7 h4 66. Bh3 Bc5
67. Bc8 Kf6 68. Bh3 Ke5 69. Bf1 Kd4 70. Kg2 Ke3 71. Bc4 Bd6 72. Be6 Be5 73. Bh3
Ke2 74. Bg4+ Ke1 75. Be6 Kd2 1/2-1/2

[Event "PILSEN OPEN 2018 - FIDE open"]
[Site "Plzen"]
[Date "2018.11.23"]
[Round "6"]
[White "Pacl, Vaclav"]
[Black "Janecek, Pavel"]
[Result "1-0"]
[WhiteElo "1998"]
[BlackElo "1906"]
[PlyCount "65"]
[EventDate "2018.11.18"]

1. Nf3 d5 2. c4 d4 3. b4 f6 4. Na3 c5 5. Nc2 e5 6. bxc5 Bxc5 7. d3 Nc6 8. g3
Nge7 9. Bg2 b5 10. cxb5 Qa5+ 11. Nd2 Qxb5 12. O-O Rb8 13. a4 Qa5 14. Ne4 O-O
15. Na3 Be6 16. Nxc5 Qxc5 17. Nb5 a5 18. Ba3 Nb4 19. Rc1 Qb6 20. Qd2 Ned5 21.
Bxd5 Bxd5 22. Bxb4 axb4 23. Qxb4 Qe6 24. Qa3 Qh3 25. f3 h5 26. Nd6 h4 27. g4 f5
28. Nxf5 Rxf5 29. gxf5 Rf8 30. Qd6 Rxf5 31. Qxd5+ Kh7 32. Qe4 g6 33. Qg4 1-0

[Event "PILSEN OPEN 2018 - FIDE open"]
[Site "Plzen"]
[Date "2018.11.23"]
[Round "6"]
[White "Bugaev, Anton"]
[Black "Prats Alonso, Oscar"]
[Result "1/2-1/2"]
[WhiteElo "1664"]
[BlackElo "1984"]
[PlyCount "66"]
[EventDate "2018.11.18"]

1. d4 Nf6 2. c4 g6 3. Nf3 Bg7 4. Nc3 O-O 5. g3 d6 6. Bg2 Nc6 7. O-O a6 8. b3 e5
9. d5 Ne7 10. Bb2 h6 11. e4 Nh7 12. Nd2 g5 13. b4 Ng6 14. c5 f5 15. exf5 Bxf5
16. Be4 Qd7 17. Qc2 Ne7 18. Rad1 Nf6 19. Bxf5 Nxf5 20. Nb3 Ne7 21. Qe2 Qf5 22.
f3 Kh8 23. cxd6 cxd6 24. Ne4 Nfxd5 25. Nxd6 Qe6 26. Nc4 Nxb4 27. Rd6 Qf5 28.
Bxe5 Bxe5 29. Qxe5+ Qxe5 30. Nxe5 Nxa2 31. Rxh6+ Kg7 32. Rb6 Ra7 33. Nd4 Kg8
1/2-1/2

[Event "PILSEN OPEN 2018 - FIDE open"]
[Site "Plzen"]
[Date "2018.11.23"]
[Round "6"]
[White "Mikulas, Dusan"]
[Black "Prachar, Josef"]
[Result "1-0"]
[WhiteElo "2000"]
[BlackElo "1831"]
[PlyCount "83"]
[EventDate "2018.11.18"]

1. e4 c5 2. Nf3 Nc6 3. d4 cxd4 4. Nxd4 Nf6 5. Nc3 d6 6. f4 e6 7. Nf3 Be7 8. Bd3
Qc7 9. O-O O-O 10. Kh1 a6 11. Qe1 Nb4 12. Qg3 Nxd3 13. cxd3 Kh8 14. Qh3 Ng8 15.
Be3 f5 16. g4 fxg4 17. Qxg4 Rf6 18. Rg1 Rg6 19. Qh3 Rh6 20. Qg2 Bf6 21. f5 exf5
22. Bxh6 Nxh6 23. Nd5 Qf7 24. Rac1 fxe4 25. dxe4 Bg4 26. h3 Qh5 27. Nf4 Bxf3
28. Nxh5 Bxg2+ 29. Rxg2 Be5 30. Rf2 Bd4 31. Rfc2 Be5 32. Kg2 g6 33. Ng3 Rf8 34.
Rc8 Kg8 35. Rxf8+ Kxf8 36. Rc8+ Ke7 37. Rc7+ Ke6 38. Rxb7 Nf7 39. b3 a5 40. Ra7
Bc3 41. Ne2 Bb4 42. Nf4+ 1-0

[Event "PILSEN OPEN 2018 - FIDE open"]
[Site "Plzen"]
[Date "2018.11.23"]
[Round "6"]
[White "Aird, Ian"]
[Black "Bartonicek, Zdenek"]
[Result "1/2-1/2"]
[WhiteElo "1852"]
[BlackElo "1951"]
[PlyCount "63"]
[EventDate "2018.11.18"]

1. e4 e5 2. Nf3 Nc6 3. Bc4 Nf6 4. d3 Be7 5. O-O O-O 6. Re1 d6 7. a4 Bg4 8. c3
d5 9. exd5 Nxd5 10. Nbd2 Nb6 11. Bb5 f6 12. h3 Bh5 13. Ne4 a6 14. Bxc6 bxc6 15.
Ng3 Bf7 16. a5 Nd5 17. d4 exd4 18. Nxd4 Bc5 19. Ne6 Bxe6 20. Rxe6 Qd7 21. Qg4
Rae8 22. Rxe8 Qxe8 23. Bh6 Rf7 24. c4 f5 25. Nxf5 Qe6 26. cxd5 Qxf5 27. Qxf5
Rxf5 28. Be3 Bxe3 29. fxe3 Rxd5 30. Rc1 Rxa5 31. Rxc6 Ra2 32. Rxc7 1/2-1/2

[Event "PILSEN OPEN 2018 - FIDE open"]
[Site "Plzen"]
[Date "2018.11.23"]
[Round "6"]
[White "Fakan, Petr"]
[Black "Krupansky, Jaromir"]
[Result "1-0"]
[WhiteElo "1411"]
[BlackElo "1687"]
[PlyCount "59"]
[EventDate "2018.11.18"]

1. e4 c5 2. Nc3 Nc6 3. Nf3 g6 4. Bc4 Bg7 5. d3 Nf6 6. Bf4 O-O 7. O-O a6 8. Qd2
b5 9. Bd5 Nxd5 10. exd5 Nd4 11. Nxd4 Bxd4 12. Rae1 d6 13. Re2 Bb7 14. Rfe1 Re8
15. Ne4 Qd7 16. c3 Bg7 17. c4 a5 18. Bh6 Ba6 19. Bxg7 Kxg7 20. Qc3+ Kg8 21. Re3
b4 22. Qd2 Kg7 23. Rh3 Rh8 24. Qh6+ Kg8 25. f4 f6 26. Rhe3 Qf5 27. Nxd6 Qh5 28.
Qxh5 gxh5 29. Rxe7 Rd8 30. Nf7 1-0

[Event "PILSEN OPEN 2018 - FIDE open"]
[Site "Plzen"]
[Date "2018.11.24"]
[Round "7"]
[White "Plischki, Sebastian"]
[Black "Jurek, Josef"]
[Result "1-0"]
[WhiteElo "2419"]
[BlackElo "2248"]
[PlyCount "83"]
[EventDate "2018.11.18"]

1. d4 e6 2. Nf3 Nf6 3. Bf4 b6 4. e3 Bb7 5. Bd3 g6 6. O-O Bg7 7. c4 d6 8. Nc3
Nbd7 9. e4 O-O 10. Re1 e5 11. dxe5 dxe5 12. Bxe5 Nxe5 13. Nxe5 Nh5 14. Nf3 Nf4
15. Bf1 f5 16. Qc2 Bxc3 17. Qxc3 Bxe4 18. Rad1 Qf6 19. Qxf6 Rxf6 20. Ng5 Bc6
21. g3 Nh5 22. Re7 h6 23. Ne6 Re8 24. Rxe8+ Bxe8 25. Nxc7 Bc6 26. b4 Rf7 27.
Ne6 Rd7 28. Rxd7 Bxd7 29. Nd4 Nf6 30. c5 bxc5 31. bxc5 Kf7 32. c6 Bc8 33. Nb5
Ne8 34. Nxa7 Be6 35. a4 Ke7 36. Nb5 Bb3 37. a5 Ba4 38. c7 Kd7 39. a6 Nxc7 40.
a7 Na8 41. Bg2 Nb6 42. Nd4 1-0